| 000 | 00994na a2200289 4500 | ||
|---|---|---|---|
| 001 | 16351 | ||
| 003 | MIRAKIL | ||
| 005 | 20181213154902.0 | ||
| 008 | 161003b tu 000 0 | ||
| 035 | _a16351 | ||
| 040 |
_aMilas _btur _cTR-AnCHP |
||
| 041 | _atur | ||
| 082 |
_a956.1024 _bY29 1979 |
||
| 090 | _a956.1024 Y29 1979 | ||
| 245 | _aYazı devrimi | ||
| 260 |
_aAnkara _bTürk Dil Kurumu _c1979 |
||
| 300 |
_a83 s. _c20 sm. |
||
| 440 |
_aTürk Dil Kurumu yayınları _v456 |
||
| 490 |
_aÇeşitli Konular dizisi _v24 |
||
| 500 | _aTürk Dil Kurumu, yazı devrimenin 50. yıldönümü dolayısıyla 1 Kasım 1978'de 9 Aralık 1978'de sonra eren bir "Yazı Devrimi konuşmaları" dizisi düzenlenmiştir. Kitapta o konuşmalar sırayla yer almaktadır. | ||
| 650 |
_aTarih _xİnkılaplar _zTürkiye |
||
| 650 |
_aTürk dili _xAlfabe |
||
| 651 |
_aTürkiye _xİnkılaplar _yAlfabe |
||
| 657 | _aLatin alfabesinin kabulü | ||
| 657 | _aAtatürk inkılapları | ||
| 942 |
_2dcc _cBKS |
||
| 999 |
_c2567 _d2567 |
||